000 00260nam a2200097Ia 4500
001 644714
005 20250826153610.0
008 250824s9999 xx 000 0 und d
245 0 _aSUMARNA 5 SÜVARİ NİN DÖNÜŞÜ
_cMEHMET BALTAOĞLU
260 _bTİMAŞ ÇOCUK
999 _c644714
_d644714